Score 0/18 Timer 02:00
0 Plays Today
Hint Answer % Correct
____ Neighbor TotoroMy
91.6%
____ MononokePrincess
89.5%
Howl's ____ Castle Moving
86%
____ AwaySpirited
84%
Kiki's ____ ServiceDelivery
80.5%
____ in the SkyCastle
78.1%
Grave of the ____Fireflies
66.7%
____ RossoPorco
60.9%
The ____ of the Princess Kaguya Tale
57.1%
Hint Answer % Correct
The ____ RisesWind
55.5%
The ____ ReturnsCat
52.1%
When Marnie Was ____There
51.2%
My ____ the YamadasNeighbors
45.9%
From Up on ____ Hill Poppy
45.3%
____ of the HeartWhisper
39.6%
Pom ____Poko
37.4%
Tales from ____Earthsea
34.1%
Only ____Yesterday
33.6%

Today's Daily Dose

Remove Ads.
Support Sporcle.
Get the best of Sporcle when you Go Orange. This ad-free experience offers more features, more stats, and more fun while also helping to support Sporcle. Thank you for becoming a member.

You're not logged in!

Compare scores with friends on all Sporcle quizzes.
OR
Log In

Show Comments

Extras

Top Quizzes Today


Score Distribution

Your Account Isn't Verified!

In order to create a playlist on Sporcle, you need to verify the email address you used during registration. Go to your Sporcle Settings to finish the process.

Report this User

Report this user for behavior that violates our Community Guidelines.

Details: